[Event "CRO Team Cup 2018"]
[Site "Mali Losinj"]
[Date "2018.05.18"]
[Round "1.1"]
[White "Kozul, Zdenko"]
[Black "Feletar, Darko"]
[Result "1-0"]
[WhiteElo "2597"]
[BlackElo "2365"]
[Annotator "TA"]
[PlyCount "95"]
[EventDate "2018.??.??"]
[EventType "team-tourn"]
[EventCountry "CRO"]
[SourceTitle "playchess.com"]
[Source "ChessBase"]
[SourceQuality "1"]

{[%evp 15,95,4,33,25,66,64,75,68,68,58,60,28,53,59,135,131,141,133,116,133,124,117,179,81,89,67,242,236,236,233,261,169,172,157,241,245,239,230,250,270,254,169,214,205,202,137,244,241,241,239,254,240,239,226,406,414,378,259,674,664,662,636,610,579,539,344,760,570,555,349,349,333,389,375,450,403,500,487,705,706,847,835]} 1. d4 d5 2. Nf3 Nf6 3. c4 dxc4 4. e3 e6 5. Bxc4 a6 6. O-O c5 7. Bd3 Nc6 8. a3 {D27: Queen's Gambit Accepted: Classical main line: 7 e4!? and 7 a4} Qc7 {LiveBook: 3 Games} 9. h3 $146 ({Predecessor:} 9. Qe2 Bd6 10. dxc5 Bxc5 11. b4 Be7 12. Bb2 Bd7 13. Nbd2 Rd8 14. e4 O-O 15. Rac1 Qb8 {0-1 (55) Johannessen,L (2528)-Nakamura,H (2715) Oslo 2009}) 9... Be7 10. dxc5 $1 {White is slightly better.} Bxc5 11. b4 Bd6 12. Bb2 Ne5 13. Nc3 Nxd3 14. Qxd3 {Black must now prevent Rfd1.} Qe7 ({Better is} 14... O-O $14) 15. Rfd1 $16 Bc7 16. Rac1 O-O 17. Ng5 {Threatens to win with Nd5!} Rd8 18. Qc2 {aiming for Nb5!} h6 {[#]} (18... g6 $16 {was called for.}) 19. Nd5 $40 {[%mdl 128] White attacks with force.} (19. Nb5 $1 $18 {[%mdl 512] is more deadly.} hxg5 (19... axb5 20. Bxf6) 20. Nxc7 (20. Qxc7 Bd7 $16)) 19... exd5 ({Avoid the trap} 19... Rxd5 $2 20. Bxf6 Qxf6 21. Qh7+ Kf8 22. Qh8+ Ke7 23. Rxc7+ Bd7 24. Rxd7+ Kxd7 25. Rxd5+ exd5 26. Qxa8 $18) 20. Bxf6 $1 Qxf6 $2 (20... Bh2+ $1 $14 21. Kxh2 Qxf6 22. Qh7+ Kf8) 21. Qh7+ $18 Kf8 22. Rxc7 {[%cal Rh7h8]} Bd7 23. Nf3 ({Less strong is} 23. Rxb7 Qc6 $16) 23... g5 {Strongly threatening ...Bf5.} 24. Nd4 g4 (24... Rab8 $16 {might work better.} 25. Rc5 Bc6) 25. hxg4 Bxg4 {[#]} 26. f3 $1 {[%cal Rf3g4]} Bd7 27. Rxb7 Rac8 28. Qd3 Kg8 29. Qd2 Qd6 30. Rc1 Rxc1+ (30... Rc4 $16 31. Rxc4 dxc4) 31. Qxc1 Rc8 32. Qe1 Rc4 33. Qh4 Bc8 34. Qe7 Qg6 $2 (34... Qxe7 35. Rxe7 Kf8) 35. Qe8+ Kg7 36. Qe5+ Kg8 $2 (36... Qf6 37. Qxf6+ Kxf6 38. Rb6+ Kg7) 37. Re7 {Intending Re8+ and mate.} Rc1+ 38. Kh2 {White threatens Re8+ and mate.} Kh7 39. Qxd5 Kg7 40. Qe5+ Kh7 $2 (40... Qf6 41. Re8 Qxe5+ 42. Rxe5 Rc3) 41. Re8 {[%csl Ge5][%cal Re8h8]} Qg7 42. Qxg7+ Kxg7 {[%mdl 4096] Endgame KRB-KRN} 43. Kg3 Rc3 44. Kf4 Bd7 45. Rd8 Bc8 46. g4 {White is clearly winning.} f6 (46... Be6 $142 47. Ra8 Bc8) 47. Rd5 Rxa3 48. Rc5 {Precision: White = 74%, Black = 32%.} 1-0

[Event "CRO Team Cup 2018"]
[Site "Mali Losinj"]
[Date "2018.05.16"]
[Round "1.2"]
[White "Vitic, Ivan"]
[Black "Stevic, Hrvoje"]
[Result "0-1"]
[WhiteElo "2275"]
[BlackElo "2588"]
[Annotator "TA"]
[PlyCount "120"]
[EventDate "2018.??.??"]
[EventType "team-tourn"]
[EventCountry "CRO"]
[SourceTitle "playchess.com"]
[Source "ChessBase"]
[SourceQuality "1"]

{[%evp 13,120,6,0,-16,-16,-14,-7,-15,-16,-23,-23,-21,-23,-22,-22,-34,-34,-29,-32,-29,-32,-27,-25,-49,-37,-43,-37,-40,-43,-38,-39,-48,-50,-72,-79,-84,-84,-89,-74,-104,-101,-112,-101,-177,-177,-175,-177,-161,-164,-158,-139,-153,-135,-140,-137,-148,-127,-127,-129,-131,0,-122,0,-119,-120,-144,-137,-175,-145,-152,-136,-138,-89,-334,-322,-402,-414,-414,-414,-414,-364,-501,-480,-523,-523,-520,-524,-874,-873,-731,-244,-303,-217,-202,-155,-649,-649,-907,-867,-1171,-940,-1244,-1230,-1535,-1395,-29979,-29970,-5531,-512]} 1. Nf3 Nf6 2. d4 g6 3. Nc3 d5 4. Bf4 Bg7 5. e3 O-O 6. Be2 c6 7. O-O {D00: 1 d4 d5: Unusual lines} (7. h3 Bf5 8. Ne5 Nbd7 9. g4 Be6 10. f3 c5 11. Qd2 Rc8 12. O-O-O a6 13. h4 h5 14. Nxd7 Qxd7 15. gxh5 Nxh5 {1-0 (24) Carlsen,M (2840)-Salem,A (2656) Doha 2016}) 7... Bg4 {LiveBook: 17 Games} 8. Ne5 Bxe2 9. Nxe2 $146 {The position is equal.} ({Predecessor:} 9. Qxe2 Nfd7 10. Rad1 Qb6 11. b3 Qa5 12. Qd2 Nxe5 13. Bxe5 Bh6 14. Bf4 {1-0 (40) Grandelius,N (2643)-Banikas,H (2568) Doha 2016}) 9... Nh5 10. Nd3 Nxf4 11. Nexf4 Nd7 12. c3 Qc7 13. h3 e6 14. Re1 c5 15. Nxc5 Nxc5 16. dxc5 Qxc5 17. Qb3 b5 18. Rad1 a5 19. a3 Qc4 20. Qxc4 $1 bxc4 21. g3 Rab8 $36 {[%mdl 2048] Black has some pressure.} 22. Rd2 Rfd8 23. e4 {[%cal Re4d5]} d4 24. cxd4 Rxd4 25. Rc2 Bh6 26. Ng2 Rd2 27. Rec1 {[#]} Re2 $1 {[%mdl 512]} 28. f4 (28. Rxe2 $17 Bxc1 29. Ne3 Bxe3 30. fxe3) 28... Rxe4 $19 29. Rxc4 Rxc4 30. Rxc4 Rxb2 {[%mdl 4096] Endgame KRB-KRN} 31. Ra4 Rb5 32. Ne3 Bg7 33. Nc4 Bc3 34. Nd6 Rb1+ 35. Kg2 Rb2+ 36. Kf1 Rb1+ 37. Kg2 $1 Rb2+ 38. Kf1 $1 Rb3 39. Rc4 Bg7 40. Rc8+ Bf8 41. Kg2 Rxa3 42. g4 f5 {...Ra2+ is the strong threat.} 43. g5 $2 (43. Nb7 $17) 43... Rd3 44. Ne8 Kf7 45. Nf6 a4 {[%cal Ba5a4,Ba4a3][%mdl 32]} 46. Rc7+ Be7 47. Nd7 {Hoping for Ne5+.} Ke8 48. Ne5 Rd2+ 49. Kf3 a3 50. Ra7 Bc5 51. Ra8+ Rd8 $2 (51... Ke7 52. Nc6+ Kd6 53. Rd8+ Kxc6 54. Rxd2 Kb5) 52. Ra6 Rd6 53. Ra5 Rd5 54. Ke2 $2 {[#]} (54. Ra8+ $17 Rd8 55. Ra6) 54... Rd2+ $1 {[%mdl 512]} 55. Kf3 (55. Kxd2 Bb4+) 55... a2 56. Ra4 Kd8 57. h4 Kc7 58. h5 gxh5 {aiming for ...h4.} 59. Ra5 Bd4 60. Nc4 Rf2+ {Precision: White = 43%, Black = 73%.} (60... a1=Q $142 61. Rxa1 Rf2+ 62. Kg3 {[#]} h4+ $1 {[%mdl 512]} 63. Kxh4 Rxf4+ 64. Kg3 Rg4+ 65. Kf3 Bxa1) 0-1

[Event "CRO Team Cup 2018"]
[Site "Mali Losinj"]
[Date "2018.05.18"]
[Round "1.3"]
[White "Jankovic, Alojzije"]
[Black "Susnjar, Miroslav"]
[Result "1-0"]
[WhiteElo "2563"]
[BlackElo "2154"]
[Annotator "TA"]
[PlyCount "63"]
[EventDate "2018.??.??"]
[EventType "team-tourn"]
[EventCountry "CRO"]
[SourceTitle "playchess.com"]
[Source "ChessBase"]
[SourceQuality "1"]

{[%evp 20,63,65,22,52,60,80,68,78,69,94,75,81,53,70,69,68,54,57,34,79,30,44,0,85,92,112,68,96,34,41,32,38,0,137,18,242,242,475,464,475,363,505,493,589,581]} 1. d4 Nf6 2. Nf3 d6 3. c4 g6 4. Nc3 Bg7 5. e4 O-O 6. Be2 e5 7. O-O exd4 8. Nxd4 Re8 9. f3 c6 10. Kh1 Nbd7 11. Nc2 {LiveBook: 32 Games} Qc7 {E94: King's Indian: Classical: 6 Be2 e5 7 0-0: Various Black 7th moves} (11... Nb6 12. Bg5 Be6 13. Ne3 h6 14. Bh4 g5 15. Bf2 d5 16. cxd5 cxd5 17. e5 Nfd7 18. Nexd5 Nxd5 19. Nxd5 Nxe5 {1-0 (63) Kovalenko,I (2584)-Kokarev,D (2619) Magnitogorsk 2011}) 12. Bg5 a6 $146 ({Predecessor:} 12... h6 13. Bf4 Ne5 14. Qd2 Kh7 15. Rfd1 Bf8 16. Rac1 a5 17. b3 Nfd7 18. Ne3 Nc5 19. Bg3 {1-0 (75) Nikolov,S (2350)-Drenchev,P (2463) Teteven 2015}) 13. Qd2 b5 {White is slightly better.} 14. Rfd1 Bf8 15. Rac1 {[%cal Rc4b5]} Bb7 16. a4 {[%cal Rc4b5]} bxc4 {White should prevent ...d5.} 17. Bxc4 d5 18. exd5 cxd5 19. Ba2 {Black must now prevent Ne3.} (19. Nxd5 Qxc4 20. Nxf6+ Nxf6 $11) 19... Qe5 20. Re1 ({Reject} 20. Nxd5 $6 Nxd5 21. Bxd5 Bxd5 $11) 20... Qd6 21. Red1 Qe5 22. Bf4 $1 {[%cal Rf4e5]} ({Much worse is} 22. Nxd5 Nxd5 23. Bxd5 Bxd5 $11) 22... Qe6 23. Ne3 $36 {[%cal Rc3d5][%mdl 2048] White has the initiative.} ({Of course not} 23. Bxd5 Bxd5 24. Nxd5 Nxd5 $15) 23... Nb6 24. a5 ({White should try} 24. Re1 $16) 24... Nc4 $14 25. Nxc4 dxc4 26. Na4 Bd5 {[#]} (26... Rad8 $11 {remains equal.} 27. Qxd8 Rxd8 28. Rxd8 Bxf3 29. gxf3 Qe2) 27. Bg5 (27. Nb6 $1 $16 {[%cal Rb6d5]} c3 28. bxc3 Bxa2 29. Re1) 27... Rad8 $2 {[#]} (27... c3 $1 $11 28. Nxc3 Bxa2 29. Nxa2 h6 30. Bxf6 Qxf6) 28. Re1 $1 $18 {[%cal Re1e6]} Bxf3 $2 (28... Qc6 {might work better.}) 29. Rxe6 Rxd2 30. gxf3 Rxe6 31. Bxd2 Re2 32. Bc3 {Precision: White = 42%, Black = 39%.} 1-0

[Event "CRO Team Cup 2018"]
[Site "Mali Losinj"]
[Date "2018.05.18"]
[Round "1.4"]
[White "Drmic, Bozo"]
[Black "Zelcic, Robert"]
[Result "0-1"]
[WhiteElo "2028"]
[BlackElo "2501"]
[Annotator "TA"]
[PlyCount "88"]
[EventDate "2018.??.??"]
[EventType "team-tourn"]
[EventCountry "CRO"]
[SourceTitle "playchess.com"]
[Source "ChessBase"]
[SourceQuality "1"]

{[%evp 12,88,20,17,15,17,16,-6,35,22,34,25,37,37,46,20,66,7,0,10,25,-14,4,6,21,20,20,29,46,-2,0,-2,18,0,0,0,0,0,0,0,0,-14,-8,-15,-8,-11,-1,-8,0,-6,8,8,8,16,14,14,14,14,12,0,0,-8,-8,-25,-2,-43,0,-160,-156,-274,-274,-270,-270,-416,-239,-246,-239,-312,-301]} 1. e4 d6 2. d4 Nf6 3. Nc3 Nbd7 4. f4 e5 5. Nf3 exd4 6. Nxd4 Nc5 {B07: Pirc Defence: Miscellaneous Systems} (6... g6 7. Be2 Bg7 8. O-O O-O 9. Bf3 Re8 10. h3 c6 11. Kh1 Qc7 12. a4 a5 13. b3 Nc5 14. Re1 {0-1 (30) Volokitin,A (2628)-Bortnyk,O (2610) Riadh 2017}) 7. Bd3 {LiveBook: 7 Games} Be7 8. O-O O-O {The position is equal.} 9. Bd2 $146 ({Predecessor:} 9. h3 Re8 10. Re1 Bf8 11. Nf3 a6 12. a4 b6 13. Bc4 Bb7 14. Ng5 {½-½ (40) Ajibowo,O (2189)-Olape,B (2291) Accra 2014}) 9... d5 10. e5 Nxd3 11. cxd3 Bc5 12. Nce2 $1 Bg4 {And now ...Bxd4+ would win.} 13. Bc3 Re8 14. Kh1 (14. h3 $14) 14... Bxd4 $11 15. Bxd4 Nd7 16. Rc1 f6 {[%cal Rf6e5]} 17. h3 fxe5 18. Bxe5 Bh5 19. d4 c6 20. Qd3 Bxe2 21. Qxe2 Qh4 22. Qe3 (22. Qd3 {feels hotter.} Rf8 23. Rce1 Rae8 24. Qd2 Rf7 25. Kg1) 22... Nf6 23. Qe1 Qxe1 24. Rfxe1 Ne4 {Threatens to win with ...Nf2+.} 25. Re3 a5 26. b3 Kf7 27. Kh2 h5 28. g3 a4 {White should prevent ...axb3.} 29. Rc2 Nd6 30. Kg2 axb3 31. Rxb3 Nb5 32. g4 hxg4 33. hxg4 Ra4 34. Kg3 Re7 35. Rd3 Na3 $36 {[%mdl 2048] Black has some pressure.} 36. Rh2 Nc4 37. Rf3 b5 38. Kh4 Re6 {Strongly threatening ...Rh6+.} 39. g5 $2 ({White should play} 39. Rc2 $11) 39... Nxe5 $17 40. fxe5+ (40. dxe5 $17 Rxe5 41. Rc2) 40... Kg6 $19 41. Rf4 {[#]} Rxe5 $1 {[%mdl 512]} 42. Rg4 (42. Rc2 {keeps fighting.} Re6 43. Kg3) (42. dxe5 Rxf4+) 42... Re4 (42... Re3 $142 {aiming for ...Ra8.} 43. Rf4 {[#]} c5 $1 {[%mdl 512]}) 43. Rxe4 dxe4 44. Rc2 Rc4 {Precision: White = 36%, Black = 50%.} ({Much less strong is} 44... Rxd4 45. Rxc6+ Kf5 46. Kg3 $19) 0-1

[Event "CRO Team Cup 2018"]
[Site "Mali Losinj"]
[Date "2018.05.16"]
[Round "1.5"]
[White "Bosiocic, Marin"]
[Black "Popovic, Bozidar"]
[Result "1-0"]
[WhiteElo "2597"]
[BlackElo "2231"]
[Annotator "TA"]
[PlyCount "101"]
[EventDate "2018.??.??"]
[EventType "team-tourn"]
[EventCountry "CRO"]
[SourceTitle "playchess.com"]
[Source "ChessBase"]
[SourceQuality "1"]

{[%evp 22,101,65,60,269,92,92,85,91,89,99,88,94,97,180,137,339,349,342,342,312,207,207,207,204,202,204,208,196,176,173,160,162,146,141,102,154,165,154,132,145,125,123,123,179,187,182,191,190,193,190,169,172,184,168,169,166,156,240,224,251,240,243,238,247,275,284,242,435,437,790,678,1470,1302,29969,29973,29974,29974,29974,29975,29976,29975]} 1. e4 d6 2. d4 Nf6 3. Nc3 e5 4. Nf3 Nbd7 5. Bc4 Be7 6. a4 c6 7. O-O O-O 8. Re1 b6 9. h3 a6 10. Ba2 Bb7 11. dxe5 {C41: Philidor Defence} dxe5 12. Nh4 {LiveBook: 39 Games} Nxe4 $2 ({Black should try} 12... Bc8 $14) (12... b5 13. Nf5 b4 14. Nb1 Ne8 15. Be3 Bc5 16. Nd2 g6 17. Nb3 Bxe3 18. Nxe3 Qc7 {½-½ (28) Kislinsky,A (2574)-Nepomniachtchi,I (2710) Legnica 2013}) 13. Nxe4 $2 (13. Rxe4 $18 {and the rest is easy. Black must now prevent Nf5.} Nc5 14. Qxd8 Rfxd8 15. Rc4 (15. Rxe5 Bxh4 16. Be3 Bf6 $14)) 13... Bxh4 $16 14. Qg4 Kh8 $146 {aiming for ...f5.} ({Predecessor:} 14... Bf6 15. Rd1 Bc8 16. Rxd7 Bxd7 17. Nxf6+ Qxf6 18. Qxd7 Qg6 {1-0 (27) Pitl,G (2404)-Lutz,G (2089) Bayern 2010}) 15. Bg5 Bxg5 16. Nxg5 Nf6 17. Qf5 $36 {[%mdl 2048] Keeping Black busy.} Bc8 (17... Qc7 $16 {was worth a try.}) 18. Qxe5 $18 Ra7 $2 (18... Kg8 $16 19. Rad1 Bd7) 19. Rad1 Rd7 20. Rxd7 Qxd7 21. Qe7 Qxe7 22. Rxe7 h6 23. Nxf7+ Kh7 24. Nd6 Bd7 25. c3 Rd8 26. Nf7 Re8 27. Rxe8 Bxe8 {[%mdl 4096] Endgame KBN-KBN} 28. Ne5 c5 (28... Nd7 $142) 29. a5 $16 bxa5 30. Nd3 Nd7 31. Kf1 Kg6 32. Be6 Kf6 (32... Nb6 $16 {keeps fighting.}) 33. Bxd7 $1 $18 Bxd7 34. Nxc5 {KB-KN} Bb5+ 35. Ke1 Ke5 36. Nb3 a4 37. Nd2 Bd3 38. h4 Kf4 39. Nf3 g6 (39... g5 $16 {might work better.} 40. hxg5 hxg5) 40. Nd4 Bc4 41. Kd2 Bf1 42. g3+ {[%cal Bg2g3,Bg3g4,Bg4f5][%mdl 32]} Ke4 {[#]} 43. f3+ $1 Kd5 44. g4 Kc4 $2 (44... Bc4 45. Ke3 Bf1) 45. f4 Bd3 (45... a5 $142 46. f5 gxf5) 46. f5 {f6 is the strong threat.} gxf5 47. Nxf5 Bxf5 48. gxf5 {White mates.} Kd5 {[#]} 49. c4+ $1 {[%cal Bc3c4,Bc4c5][%mdl 544]} Ke5 (49... Kxc4 50. f6) 50. Kc3 a5 51. c5 {Precision: White = 83%, Black = 37%.} 1-0

[Event "CRO Team Cup 2018"]
[Site "Mali Losinj"]
[Date "2018.05.16"]
[Round "1.6"]
[White "Basrak, Srdjan"]
[Black "Tica, Sven"]
[Result "0-1"]
[WhiteElo "2245"]
[BlackElo "2444"]
[Annotator "TA"]
[PlyCount "98"]
[EventDate "2018.??.??"]
[EventType "team-tourn"]
[EventCountry "CRO"]
[SourceTitle "playchess.com"]
[Source "ChessBase"]
[SourceQuality "1"]

{[%evp 15,98,-35,-9,-27,0,-19,-8,-18,-1,-47,-52,-68,-54,-91,-84,-102,-96,-112,-110,-125,-144,-152,-32,-45,-39,-54,-52,-62,0,0,0,-89,0,-53,-68,-45,-54,-51,-56,-93,-15,-37,110,123,99,0,89,-5,-15,-20,22,-98,-41,-61,-67,-60,-68,-272,-224,-257,-250,-268,-275,-288,-268,-297,-302,-302,-273,-269,-46,-137,-126,-540,-521,-533,-542,-516,-522,-522,-522,-510,-465,-714,-702]} 1. d3 d5 2. f4 Nf6 3. Nf3 g6 4. g3 Bg7 5. Bg2 O-O 6. O-O b6 7. c3 Bb7 8. Qc2 {A03: Bird's Opening with 1...d5} c5 {LiveBook: 4 Games} 9. Nbd2 Nbd7 $146 ({Predecessor:} 9... Nc6 10. e4 d4 11. Re1 Rc8 12. c4 e5 13. Bh3 Rc7 14. f5 Bc8 15. g4 Ne8 {1-0 (25) Nakamura,H (2741)-Caruana,F (2709) Moscow 2010}) 10. e4 {The position is equal.} dxe4 11. dxe4 {[#]} e5 $1 {[%mdl 512]} 12. f5 (12. Nxe5 Nxe5) 12... Qc7 13. fxg6 hxg6 14. Ng5 c4 $1 15. b4 a5 16. Ba3 Ng4 17. Rae1 Bh6 18. Ndf3 Qd6 (18... axb4 $1 $17 19. Bxb4 Nc5) 19. h3 Ngf6 20. Rd1 Qe7 21. h4 Rfd8 ({Black should try} 21... axb4 $15 22. Bxb4 Nc5) 22. Qe2 $11 b5 23. Bh3 (23. Nh2 $11) 23... Bg7 (23... Nf8 $1 $17 {...Nh5 is the strong threat.} 24. Kh2 N8h7 25. Rxd8+ Rxd8) 24. Nxf7 (24. h5 $11 Nxh5 25. Bxd7 Rxd7 26. bxa5) 24... Kxf7 $15 25. Ng5+ Ke8 26. Ne6 {And now Nc7+ would win.} Nf8 27. Nxd8 Rxd8 28. Rxd8+ Kxd8 (28... Qxd8 $15 {stays ahead.} 29. Qf2 Qd6) 29. Qe3 $1 $16 N8d7 30. Qa7 (30. Rd1 $1 $16) 30... Bxe4 {[#]} (30... Kc7 $1 $11 {keeps the balance.}) 31. Qxa5+ (31. Rxf6 $1 $16 {[%mdl 512]} Bxf6 (31... Nxf6 32. Qb8#) 32. bxa5) 31... Ke8 $11 {White must now prevent ...Qd6.} 32. Qxb5 Bd3 33. Re1 (33. Qc6 $11 {remains equal.} Bxf1 34. Kxf1 (34. Bxf1 Bf8 $11)) 33... e4 (33... Qd6 $17) 34. Bc1 $1 $15 Qe5 $1 $36 {[%cal Re5g3][%mdl 2048] White is under pressure.} 35. Qxe5+ Nxe5 36. Kg2 $2 (36. Bg2 $1 $15) 36... Nf3 $19 37. Rh1 Nd5 38. Bg4 {[#]} Ne5 $1 {[%cal Re5g4]} ({Don't play} 38... Bxc3 39. Bxf3 exf3+ 40. Kxf3 $17) (38... Nxc3 39. Bb2 $17) 39. Be6 Nxc3 40. h5 gxh5 ({But not} 40... Nxa2 41. h6 $19) 41. Rxh5 Ke7 ({Don't take} 41... Nxa2 42. Bf4 $19) 42. Bc8 Nxa2 $2 (42... Ne2 $19 43. Bg5+ Kf7) 43. Bg5+ ({White should play} 43. Bf4 $15) 43... Kf7 $17 44. Bf4 $2 {[%mdl 8192]} (44. b5 $17) 44... Ng6 $19 {Black is clearly winning.} 45. Rf5+ Ke8 46. Be3 Ne7 47. Ra5 {Threatens to win with Be6.} Nxb4 48. Be6 Nec6 49. Ra8+ (49. Rb5 $142 Nc2 50. Bg5) 49... Ke7 {Precision: White = 29%, Black = 59%.} 0-1

[Event "CRO Team Cup 2018"]
[Site "Mali Losinj"]
[Date "2018.05.16"]
[Round "1.7"]
[White "Petrov, Jole"]
[Black "Huis, Dinko"]
[Result "1-0"]
[WhiteElo "2408"]
[BlackElo "2158"]
[Annotator "ChessBase"]
[PlyCount "63"]
[EventDate "2018.??.??"]
[EventType "team-tourn"]
[EventCountry "CRO"]
[SourceTitle "playchess.com"]
[Source "ChessBase"]
[SourceQuality "1"]
[TimeControl "40/5400+30:1800+30"]

1. Nf3 {[%emt 0:00:30]} Nf6 {[%emt 0:01:00]} 2. c4 {[%emt 0:00:00]} e6 {[%emt 0:00:00]} 3. g3 {[%emt 0:00:00]} b6 {[%emt 0:00:00]} 4. Bg2 {[%emt 0:00:00]} Bb7 {[%emt 0:00:00]} 5. Nc3 {[%emt 0:00:00]} Bb4 {[%emt 0:04:00]} 6. d3 {[%emt 0:02:30]} Bxc3+ {[%emt 0:01:30]} 7. bxc3 {[%emt 0:00:00]} O-O {[%emt 0:00:00]} 8. e4 {[%emt 0:00:00]} d6 {[%emt 0:00:00]} 9. O-O {[%emt 0:00:30]} Nbd7 {[%emt 0:01:30]} 10. Nh4 {[%emt 0:02:30]} Rb8 {[%emt 0:00:30]} 11. f4 {[%emt 0:00:30]} Nc5 {[%emt 0:02:30]} 12. f5 {[%emt 0:05:30]} e5 {[%emt 0:02:30]} 13. Be3 {[%emt 0:06:30]} Bc6 {[%emt 0:08:30]} 14. h3 {[%emt 0:03:30]} b5 {[%emt 0:01:30]} 15. cxb5 {[%emt 0:00:30]} Bxb5 {[%emt 0:00:30]} 16. c4 {[%emt 0:01:30]} Bc6 {[%emt 0:03:30]} 17. Rf2 {[%emt 0:24:30]} Rb6 {[%emt 0:13:30]} 18. Bf1 {[%emt 0:01:30]} Ba4 {[%emt 0:19:30]} 19. Qc1 {[%emt 0:05:30]} Nfd7 {[%emt 0:04:30]} 20. f6 {[%emt 0:18:30]} Nxf6 {[%emt 0:00:00]} 21. Bg5 {[%emt 0:01:30]} Bd7 {[%emt 0:05:00]} 22. Bxf6 {[%emt 0:06:50]} gxf6 {[%emt 0:00:30]} 23. Qh6 {[%emt 0:00:14]} Kh8 {[%emt 0:01:30]} 24. Rxf6 {[%emt 0:01:03]} Rb8 {[%emt 0:01:30]} 25. Be2 {[%emt 0:06:22]} Be6 {[%emt 0:17:12]} 26. Raf1 {[%emt 0:00:38]} Nd7 {[%emt 0:00:30]} 27. Rxe6 {[%emt 0:05:35]} fxe6 {[%emt 0:00:12]} 28. Ng6+ {[%emt 0:00:03]} Kg8 {[%emt 0:00:18]} 29. Nxf8 {[%emt 0:00:08]} Nxf8 {[%emt 0:00:17]} 30. Bh5 {[%emt 0:00:13]} c6 {[%emt 0:06:59]} 31. Rf7 {[%emt 0:01:28]} Qb6+ {[%emt 0:01:59]} 32. Kg2 {[%emt 0:00:07]} 1-0

[Event "CRO Team Cup 2018"]
[Site "Mali Losinj"]
[Date "2018.05.16"]
[Round "1.8"]
[White "Bojanic, Borislav"]
[Black "Zelenika, Srdjan"]
[Result "0-1"]
[WhiteElo "1914"]
[BlackElo "2218"]
[Annotator "NA"]
[PlyCount "108"]
[EventDate "2018.??.??"]
[EventType "team-tourn"]
[EventCountry "CRO"]
[SourceTitle "playchess.com"]
[Source "ChessBase"]
[SourceQuality "1"]
[TimeControl "40/5400+30:1800+30"]

1. d4 {[%emt 0:00:30]} Nf6 {[%emt 0:01:00]} 2. c4 {[%emt 0:00:00]} g6 {[%emt 0:00:00]} 3. Nc3 {[%emt 0:00:00]} Bg7 {[%emt 0:00:00]} 4. e4 {[%emt 0:00:30]} d6 {[%emt 0:00:00]} 5. Nf3 {[%emt 0:00:30]} O-O {[%emt 0:00:00]} 6. Be2 {[%emt 0:00:30]} e5 {[%emt 0:00:30]} 7. dxe5 {[%emt 0:03:30]} dxe5 {[%emt 0:00:00]} 8. Qxd8 {[%emt 0:00:30]} Rxd8 {[%emt 0:00:00]} 9. Bg5 {[%emt 0:00:30]} Nbd7 {[%emt 0:01:30]} 10. O-O-O {[%emt 0:02:30]} Rf8 {[%emt 0:15:30]} 11. Rd2 {[%emt 0:11:30] E92: King's Indian: Classical: 6 Be2 e5: 7 dxe5, 7 Be3 and Petrosian System without 7...Nbd7} (11. Nd5 c6 12. Ne7+ Kh8 13. Be3 Re8 14. Nxc8 Raxc8 15. g4 Nf8 16. Nd2 Ne6 17. g5 Nd7 18. Bg4 Bf8 19. Nb3 Nb6 20. Bxe6 Rxe6 21. Nc5 Re7 22. b3 h6 {1-0 (35) Jakovenko,D (2724)-Paragua,M (2565) Tromsoe 2013}) 11... c6 {[%emt 0:00:30]} 12. Rhd1 {[%emt 0:00:30]} Nc5 {[%emt 0:05:30]} 13. Rd8 $146 {[%emt 0:10:30]} ({Predecessor:} 13. Bd3 Bg4 14. Bc2 Ne6 15. Be3 Nh5 16. h3 Bxf3 17. gxf3 Nd4 18. Bxd4 exd4 {0-1 (37) Golyshkina,M (1706)-Sobina,P (1977) Voronezh 2014}) 13... Ne6 {[%emt 0:21:30]} 14. Rxf8+ {[%emt 0:00:30]} Kxf8 {[%emt 0:00:30]} 15. Bh4 {[%emt 0:02:30]} Nd7 {[%emt 0:05:30]} 16. Kb1 {[%emt 0:00:30]} h6 {[%emt 0:08:30]} 17. h3 {[%emt 0:01:30]} a5 {[%emt 0:00:30]} 18. a4 {[%emt 0:04:30]} Ke8 {[%emt 0:01:30]} 19. Bg3 {[%emt 0:05:30]} h5 {[%emt 0:08:30]} 20. Bh2 {[%emt 0:00:30]} Ke7 {[%emt 0:02:30]} 21. Bf1 {[%emt 0:00:30]} Nec5 {[%emt 0:01:30]} 22. Nd2 $15 {[%emt 0:01:30]} Nf8 {[%emt 0:02:30]} 23. f4 {[%emt 0:00:30]} exf4 {[%emt 0:01:30]} 24. Bxf4 {[%emt 0:00:30]} Nfe6 {[%emt 0:00:00]} 25. Be3 {[%emt 0:02:30]} Bxc3 {[%emt 0:00:00]} 26. bxc3 {[%emt 0:00:30]} Nxa4 {[%emt 0:00:30]} 27. Kc2 {[%emt 0:00:30]} Nac5 {[%emt 0:00:30]} 28. e5 {[%emt 0:02:30]} a4 {[%emt 0:01:30]} 29. Nf3 {[%emt 0:00:30]} Ra5 {[%emt 0:00:30]} 30. Bf2 {[%emt 0:01:30]} Bd7 {[%emt 0:03:30]} 31. Bh4+ {[%emt 0:00:30]} Ke8 {[%emt 0:00:30]} 32. Nd4 {[%emt 0:00:30]} g5 {[%emt 0:05:04]} 33. Bg3 {[%emt 0:00:30]} Ne4 {[%emt 0:01:11]} 34. Bh2 {[%emt 0:00:30]} Nf4 {[%emt 0:02:58]} 35. Nf3 {[%emt 0:01:30]} Bf5 {[%emt 0:02:13]} 36. Nd4 {[%emt 0:02:30]} Nf2+ {[%emt 0:03:03]} 37. Nxf5 {[%emt 0:00:30]} Nxd1 {[%emt 0:00:04]} 38. Bxf4 {[%emt 0:02:30]} gxf4 {[%emt 0:00:43]} 39. Nd6+ {[%emt 0:01:30]} Ke7 {[%emt 0:00:17]} 40. Nxb7 {[%emt 0:01:30]} Ne3+ {[%emt 0:30:30]} 41. Kb1 {[%emt 0:00:00]} Ra7 {[%emt 0:00:00]} 42. Nc5 {[%emt 0:01:00]} Nxf1 {[%emt 0:00:00]} 43. Nd3 {[%emt 0:00:00]} Nd2+ {[%emt 0:00:00]} 44. Ka2 {[%emt 0:00:00]} Nxc4 {[%emt 0:00:00]} 45. Nxf4 {[%emt 0:00:30]} h4 {[%emt 0:00:00]} 46. e6 {[%emt 0:01:30]} Rb7 {[%emt 0:00:00]} 47. exf7 {[%emt 0:01:30]} Rb2+ {[%emt 0:00:00]} 48. Ka1 {[%emt 0:00:30]} Kxf7 {[%emt 0:00:00]} 49. Nd3 {[%emt 0:00:30]} Rxg2 {[%emt 0:00:00]} 50. Nf4 {[%emt 0:01:30]} Rh2 {[%emt 0:00:00]} 51. Kb1 {[%emt 0:00:30]} a3 {[%emt 0:00:00]} 52. Ka1 {[%emt 0:00:30]} Na5 {[%emt 0:00:00]} 53. Nd3 {[%emt 0:00:00]} Nb3+ {[%emt 0:00:00]} 54. Kb1 {[%emt 0:00:00]} a2# {[%emt 0:00:00]} 0-1